Suicidi tentati : poesie risorgimentali e no /

সংরক্ষণ করুন:
গ্রন্থ-পঞ্জীর বিবরন
প্রধান লেখক: Scardino, Lucio (লেখক)
বিন্যাস: গ্রন্থ
ভাষা:ইতালিয়
প্রকাশিত: Ferrara Liberty house, 2012
ট্যাগগুলো: ট্যাগ যুক্ত করুন
কোনো ট্যাগ নেই, প্রথমজন হিসাবে ট্যাগ করুন!

MARC

LEADER 00000nam a22000007i 4500
001 IT\ICCU\UFE\0970477
003 ItRI
005 20250728122324.0
008 120220s2012 it |||||| ||||| |||||c
040 |b ita  |c ct 
041 7 |a ita  |2 ISO-639-2 
100 1 |a Scardino, Lucio  |0 IT\ICCU\CFIV\013453  |4 aut 
240 1 0 |a Suicidi tentati : poesie risorgimentali e no  |9 Scardino, Lucio 
245 1 0 |a Suicidi tentati :  |b poesie risorgimentali e no /  |c Lucio Scardino. 
260 |a Ferrara Liberty house,  |c 2012 
300 |a 147 p. ;  |c 17 cm 
942 |2 ddc  |c BK 
952 |0 0  |1 0  |2 ddc  |4 0  |6 B_LPS01SCALUSUI11  |7 0  |9 7712  |a MI  |b MI  |d 2012-06-04  |i 6449  |l 0  |o B-LPS01-SCALU-SUI11  |p CDOM6449  |r 2025-07-13 16:28:45  |w 2025-07-13  |x DONO  |y BK 
981 1 |6 z01  |a i   |b xxxe  
982 1 |6 z01  |a n 
999 |c 6387  |d 6387